Οδηγός του πολίτη για την προστασία του περιβάλλοντος
Αποθηκεύτηκε σε:
| Κύριος συγγραφέας: | |
|---|---|
| Άλλοι συγγραφείς: | |
| Μορφή: | Βιβλίο |
| Γλώσσα: | Greek |
| Δημοσίευση: |
Αθήνα :
Παπαζήσης,
[199-?]
|
| Θέματα: | |
| Ετικέτες: |
Προσθήκη ετικέτας
Δεν υπάρχουν, Καταχωρήστε ετικέτα πρώτοι!
|
MARC
| LEADER | 00000cam a2200000 i 4500 | ||
|---|---|---|---|
| 001 | 1/81742 | ||
| 008 | 990519q gre d | ||
| 020 | |a 960-02-1162-0 | ||
| 035 | |l 10050942 | ||
| 040 | |a GR-MY-UA |b gre |e aacr | ||
| 041 | 0 | |a gre | |
| 082 | 0 | |a 344.046 | |
| 100 | 1 | |a Χλέπας, Νικόλαος Κομνηνός. | |
| 245 | 1 | 0 | |a Οδηγός του πολίτη για την προστασία του περιβάλλοντος / |c Ν. Κ. Χλέπας και Ε. Μέρτζιου |
| 260 | |a Αθήνα : |b Παπαζήσης, |c [199-?] | ||
| 300 | |a 302 σ. |b πιν. | ||
| 500 | |a Περιέχει βιβλιογραφία και ευρετήριο | ||
| 650 | 0 | 0 | |a Environmental law. |
| 650 | 0 | 0 | |a Environmental protection. |
| 700 | 1 | |a Μέρτζιου, Ε. | |
| 852 | |a INST |b LESVOS |e 19990519 |h 344.046 ΧΛΕ |p 005100016453 |q 005100016453 |t BK |y 0 | ||
| 901 | |a BIBL-1998-3 | ||
| 909 | |a Λ |b 051608 | ||
| 970 | |z 2000/08/ELIDOC | ||